Statistics for 4 Letter Countries

Click here to take the quiz!

General Stats

  • This quiz has been taken 384 times
  • The average score is 8 of 10

Answer Stats

Answer% Correct
Peru
85%
Chad
81%
Fiji
80%
Oman
80%
Iran
78%
Iraq
78%
Togo
78%
Mali
77%
Cuba
75%
Laos
73%

Score Distribution

Percentile by Number Answered

Percent of People with Each Score

Your Score History

You have not taken this quiz